| 000 | 00850nam a22002297a 4500 | ||
|---|---|---|---|
| 003 | URS | ||
| 005 | 20250315235555.0 | ||
| 008 | 250315t2023 ph ||||| |||| 00| 0 eng d | ||
| 020 | _a978-621-451-032-0 | ||
| 040 |
_aDLC _beng _cDLC _dDLC _dURS _erda |
||
| 100 |
_4Author _aCorpuz Brenda .B. |
||
| 245 |
_aLet Comprehensive Reviewer : _bBased on 2022 enhanced table of specifications [TOS] for professional Education:Assessment in learning _cBrenda B. Corpuz |
||
| 264 |
_aPhilippines _bLorimar Publishing Inc. _c2023 |
||
| 300 |
_aiv,118 pages; _c25 cm. |
||
| 336 |
_2rdacontent _atext _btxt |
||
| 337 |
_2rdamedia _aunmediated _bn |
||
| 338 |
_2rdacarrier _avolume _bnc |
||
| 504 | _aincludes bibliographical references [118]. | ||
| 650 | _aTeachers --Philippines.. Examinations questions etc. | ||
| 700 |
_4Author _aCuartel Imelda E. |
||
| 942 |
_2ddc _cF |
||
| 999 |
_c82388 _d82387 |
||